The Influencer Industry: The Quest For Authenticity On Social Media (Record no. 43554)
[ view plain ]
| 000 -LEADER | |
|---|---|
| fixed length control field | 00880cam a2200265 i 4500 |
| 001 - CONTROL NUMBER | |
| control field | 22839151 |
| 005 - DATE AND TIME OF LATEST TRANSACTION | |
| control field | 20250404121734.0 |
| 008 - FIXED-LENGTH DATA ELEMENTS--GENERAL INFORMATION | |
| fixed length control field | 221024s2023 nju 000 0 eng |
| 010 ## - LIBRARY OF CONGRESS CONTROL NUMBER | |
| LC control number | 2022948597 |
| 020 ## - INTERNATIONAL STANDARD BOOK NUMBER | |
| International Standard Book Number | 9780691231020 |
| 020 ## - INTERNATIONAL STANDARD BOOK NUMBER | |
| Canceled/invalid ISBN | 9780691234076 |
| 042 ## - AUTHENTICATION CODE | |
| Authentication code | pcc |
| 082 ## - DEWEY DECIMAL CLASSIFICATION NUMBER | |
| Classification number | 306.0973 HUN |
| 100 1# - MAIN ENTRY--PERSONAL NAME | |
| Author | Hund, Emily, |
| 245 14 - TITLE STATEMENT | |
| Title | The Influencer Industry: The Quest For Authenticity On Social Media |
| 300 ## - PHYSICAL DESCRIPTION | |
| Extent | xiii, 218 pages ; |
| Dimensions | 25 cm |
| 650 #0 - SUBJECT ADDED ENTRY--TOPICAL TERM | |
| Subject | Social media; Internet marketing; Influence (Psychology) |
| 942 ## - ADDED ENTRY ELEMENTS (KOHA) | |
| Koha item type | Books |
| 264 #1 - PRODUCTION, PUBLICATION, DISTRIBUTION, MANUFACTURE, AND COPYRIGHT NOTICE | |
| Place of production, publication, distribution, manufacture | Princeton : |
| Name of producer, publisher, distributor, manufacturer | Princeton University Press, |
| Date of production, publication, distribution, manufacture, or copyright notice | [2023] |
| 336 ## - CONTENT TYPE | |
| Content type term | text |
| Content type code | txt |
| Source | rdacontent |
| 337 ## - MEDIA TYPE | |
| Media type term | unmediated |
| Media type code | n |
| Source | rdamedia |
| 338 ## - CARRIER TYPE | |
| Carrier type term | volume |
| Carrier type code | nc |
| Source | rdacarrier |
| 906 ## - LOCAL DATA ELEMENT F, LDF (RLIN) | |
| a | 7 |
| b | cbc |
| c | orignew |
| d | 2 |
| e | epcn |
| f | 20 |
| g | y-gencatlg |
| Withdrawn status | Lost status | Source of classification or shelving scheme | Damaged status | Not for loan | Home library | Current library | Shelving location | Accession Date | Vendor | Price | Bill number | Total Checkouts | Full call number | Barcode No | Date last seen | Discount | Bill Date | Koha item type | Suggested By |
|---|---|---|---|---|---|---|---|---|---|---|---|---|---|---|---|---|---|---|---|
| Dewey Decimal Classification | IMTN | IMTN | Rack 6-B | 03/26/2025 | Raghav Books Private Limited | 2686.52 | 2374 | 306.0973 HUN | 33832 | 04/04/2025 | 33 | 02/14/2025 | Books | Dr. Mantha Raghu (Head Librarian) |